Welcome to the Holygrace Academy Library

Please use search bar below to get started

ARABIKATHAKAL (Record no. 1215)

MARC details
000 -LEADER
fixed length control field 00384nam a22001457a 4500
020 ## - INTERNATIONAL STANDARD BOOK NUMBER
ISBN 13-5000-0609
082 ## - DEWEY DECIMAL CLASSIFICATION NUMBER
Classification number 894.812.3
Item number KRI/A
100 ## - MAIN ENTRY--AUTHOR NAME
Personal name KRISHNAKUMAR S
245 ## - TITLE STATEMENT
Title ARABIKATHAKAL
Remainder of title AYIRATHONNU RAVUKALIL NINNU THEREJEDUTHA KATHAKAL
250 ## - EDITION STATEMENT
Edition statement 13
260 ## - PUBLICATION, DISTRIBUTION, ETC. (IMPRINT)
Place of publication THRISSUR
Name of publisher H&C PUBLISHING HOUSE
Year of publication 2009
300 ## - PHYSICAL DESCRIPTION
Number of Pages 128
650 ## - SUBJECT ADDED ENTRY--TOPICAL TERM
Topical Term MALAYALAM SHORT STOTY
Geographic subdivision KERALA
942 ## - ADDED ENTRY ELEMENTS (KOHA)
Koha item type Books
Holdings
Withdrawn status Lost status Collection code Home library Current library Shelving location Date acquired Source of acquisition Cost, normal purchase price Full call number Accession Number Koha item type
    Fiction Main Library Main Library SHELF-6D- MALAYALAM SHORT STORIES 07/03/2014 PURCHASE 10.00 894.812.3 KRI/A 07768 Books
    Fiction Main Library Main Library SHELF-6C MALAYALAM SHORT STORIES 07/03/2014 PURCHASE 10.00 894.812.3 KRI/A 07767 Books
    Fiction Main Library Main Library SHELF-6C MALAYALAM SHORT STORIES 10/01/2026 PURCHASE 10.00 894.812.3 KRI/A 10213 Books
    Fiction Main Library Main Library SHELF-6D- MALAYALAM SHORT STORIES 06/03/2014 PURCHASE 20.00 894.812.3 KRI/A 07682 Books